| 000 | 00648pam a2200205 a 4500 | ||
|---|---|---|---|
| 001 | 3015151 | ||
| 005 | 20250529173758.0 | ||
| 008 | 940614s1995 enk b 001 0 eng | ||
| 020 | _a0335191630 (hb) | ||
| 020 |
_a0335191622 (pb) : _c£10.99 (est.) |
||
| 050 | 0 | 0 |
_aBV4012.2 _b.L92 1995 |
| 082 | 0 | 0 |
_a253.5 _220 |
| 100 | 1 |
_aLyall, David, _d1936- |
|
| 245 | 1 | 0 |
_aCounselling in the pastoral and spiritual context / _cDavid Lyall. |
| 260 |
_aBuckingham ; _aPhiladelphia : _bOpen University Press, _c1995. |
||
| 300 |
_ax, 159 p. ; _c22 cm. |
||
| 440 | 0 | _aCounselling in context | |
| 650 | 0 |
_aPastoral counseling _zGreat Britain. |
|
| 942 |
_2lcc _cBK _n0 |
||
| 999 |
_c6054 _d6054 |
||